000
00293nam a2200097Ia 4500
001
652736
005
20250826154444.0
008
250824s9999 xx 000 0 und d
245
0
_a
GİZEMLİ BUZULLAR KITASI ANTARTİKA VE PATKONYA YA YOLCULUK
_c
GÜLTEN DAYIOĞLU
260
_b
ALTIN KİTAP YAYINLARI
999
_c
652736
_d
652736